000 00509nam a2200193 i 4500
001 bgj
100 1 _aSPIEWOK, Wolfgang.
245 1 0 _aWörterbuch stilistischer Termini /
_cvon Wolfgang Spiewok.
260 _aGreifswald :
_bErnst-Moritz-Arndt-Universität,
_c[1977].
300 _a109 s. ;
_c21 cm.
650 _aJęzyk niemiecki
655 _aSłowniki
040 _cBPK
041 0 _ager
044 _aDEU
080 _a811.112.2
942 _cKS
008 s gw f |000 0 ger
999 _c49474
_d49474
856 _uhttp://koha.tu.koszalin.pl/cgi-bin/koha/opac-detail.pl?biblionumber=49474
_yKatalog online BPK